000 01292ngm a22003370a 4500
001 PT16536
003 AR-LpoUNG
005 20210202000207.0
007 vd cvaizq
008 191001s2001||||ag |||||||||||||||||spa d
037 _c$8.3
040 _aAR-LpoUNG
_bspa
_cAR-LpoUNG
_eaacr
041 _aspa
044 _aag
082 0 _a909 532V6
245 1 0 _aInicios del cristianismo :
_bsurge la iglesia católica
260 _aBuenos Aires :
_bKalender Video Argentina,
_c2001.
300 _aVHS (56 min.) : son., byn, col.
520 _aSe analiza la aparición del cristianismo y sus orígenes en el judaísmo, y cómo afectó la nueva religión fundada en la paz y el amor el equilibrio de valores del mundo romano no ya simplemente en lo religioso y moral, sino en lo social y lo político. Nacimiento de la Iglesia como institución fundamental del cristianismo, el vertiginoso crecimiento de adeptos en todo el imperio Romano y la declinación progresiva del paganismo.
650 4 _aHISTORIA SOCIAL
650 4 _aIGLESIA
650 4 _aMORAL
650 4 _aRELIGION
650 4 _aSOCIEDAD
650 4 _aVALORES SOCIALES
653 _aVIDEOS
653 _aVIDEOS DIDACTICOS
710 2 _aMetropolitan Museum of Art (New York)
905 _a16536
942 _cVIDEO
999 _c54317
_d54317